Quiz da República Dominicana - Statistics

Estatísticas Gerais
  • Esse quiz foi jogado 595 vezes
  • A pontuação média é 9 de 16
Estatísticas das Respostas
Dica Resposta % Correto
Único país fronteiriço Haiti
96%
Língua oficial Espanhol
95%
Mar onde a RD fica Caribe
89%
Capital Santo Domingo
89%
Mais de um milhão de dominicanos moram neste país Estados Unidos
84%
Moeda oficial Peso
77%
Esporte mais popular Basebol
64%
5% das exportações da RD consiste neste produto de tabaco Charuto
62%
Ilha compartilhada com o acima São Domingos
51%
Colheita principal Cana-de-açúcar
38%
Estilo de música que se desenvolveu na RD Merengue
25%
Segunda maior cidade Santiago de los Caballeros
24%
Estilista de moda dominicano com iniciais ODLR Oscar de la Renta
20%
Ditador conhecido como "El Jefe" Rafael Trujillo
20%
Povos indígenas que viveram mais de 1.500 anos atrás Taínos
15%
Maior lago Enriquillo
14%
Nenhum quiz correspondente encontrado
Distribuição das Pontuações
Porcentagem de Pessoas com Cada Pontuação
Percentil de Números Respondidos
Sua Pontuação Histórica
Você não jogou esse quiz